Avaricia : historia de los afectos : ensayos de cine y filosofía /

Spremljeno u:
Bibliografski detalji
Glavni autor: Casas, Armando (coordinación)
Daljnji autori: Flores Farfán, Leticia (coordinación) (coordinación)
Format: Knjiga
Jezik:španjolski
Izdano: México : UNAM, Centro Universitario de Estudios Cinematográficos, 2014, c2014
Serija:(Ensayos de Cine y Filosofía)
Teme:
Oznake: Dodaj oznaku
Bez oznaka, Budi prvi tko označuje ovaj zapis!

MARC

LEADER 00000nam^a2200000^a^4500
001 000398851
005 20250521000000.0
009 20260310121537.104
020 |a 978-607-02-5869-5 
037 |a Acervo ITESO - Biblioteca 
041 |a ESP 
082 |a 302. 23501  |b CYF POE V. 1 
100 |a Casas, Armando  |e (coordinación) 
240 1 1 |a [Cine y filosofía: poéticas de la condición humana] 
240 1 1 |a [Historia de los afectos: ensayos de cine y filosofía] 
245 1 0 |a Avaricia :  |b historia de los afectos : ensayos de cine y filosofía /  |c Coord. y presen. de A. Casas, L. Flores Farfán. 
264 4 |a México :  |b UNAM, Centro Universitario de Estudios Cinematográficos,  |c 2014, c2014 
300 |a 124 p. 
336 |a texto  |b txt  |2 rdacontenido 
337 |a sin mediación  |b n  |2 rdamedio 
338 |a volumen  |b nc  |2 rdasoporte 
440 1 |a (Ensayos de Cine y Filosofía) 
586 |a Premio Príncipe de Asturias de las Artes 2018: Biografías, crítica e interpretación 
649 |a XX 
650 |a Avaricia y Ambición en el Cine -  |z EUA -  |x Historia y Crítica -  |x Tema Principal 
650 |a Avaricia y Ambición en el Cine -  |x Historia y Crítica -  |x Tema Principal 
650 |a Avaricia y Ambición en la Televisión -  |x Historia y Crítica 
650 |a Avaricia y Ambición en la Literatura -  |x Historia y Crítica 
650 |a Pecados Capitales en el Cine -  |x Historia y Crítica -  |x Tema Principal 
650 |a Afectividad en el Cine -  |x Historia y Crítica 
650 |a Cine Norteamericano -  |x Historia y Crítica 
650 |a Cine Norteamericano -  |y Siglo XX 
650 |a Cine Norteamericano -  |y Siglo XXI 
650 |a Literatura -  |x Historia y Crítica 
650 |a Florida, EUA -  |x Historia -  |y Siglo XVI 
650 |a Florida, EUA -  |x Historia -  |y Descubrimiento y Conquista, 1497-1607 
650 |a Filosofía Política 
650 |a Chandor, J.C. 
650 |a Coen, Ethan 
650 |a Coen, Joel 
650 |a Dickens, Charles 
650 |a Ford, John 
650 |a Greenfield, Lauren 
650 |a Groening, Matt 
650 |a Kelly, Gene 
650 |a Landis, John 
650 |a Malick, Terrence 
650 |a Moore, Michael 
650 |a Pollack, Sydney 
650 |a Scorsese, Martin 
650 |a Shakespeare, William 
650 |a Stone, Oliver 
650 |a Stroheim, Erich von 
650 |a Tarantino, Quentin 
650 |a Welles, Orson 
650 |a Zemeckis, Robert 
600 |a Allen, Woody 
600 |a Molière 
700 |a Flores Farfán, Leticia  |e (coordinación) 
910 |a Fondo General 
920 |a Impresos - Libros 
930 |a Colección General 
905 |a 101 
901 |a 0500294099  |b IT1  |c ACC  |i C146275  |u 20250521 
902 |a https://opac.biblio.iteso.mx/vufind/Record/000398851